000 01966cam a22004574i 4500
003 PE-LiUPU
005 20250731184604.0
008 150616s r 000 0 d
035 _a(Sirsi) a5442
040 _aPE-LiUPU
_bspa
_cPE-LiUPU
_erda
049 _aPRUA
082 0 4 _a985.054
_bP798h
_223
100 1 _aPons Muzzo, Gustavo,
_eautor.
245 1 0 _aHistoria del conflicto entre el Perú y España :
_b(1864-1866) el 2 de Mayo de 1866 /
_cGustavo Pons Muzzo.
264 1 _aLima :
_bIberia,
_c1966.
300 _a255 páginas :
_bilustraciones, fotos, retratos ;
_c22 centímetros.
336 _atext
_2rdacontent
337 _aunmediated
_2rdamedia
338 _avolume
_2rdacarrier
504 _aIncluye bibliografía al final de capítulos.
505 0 _aLas relaciones entre el Perú y España desde la independencia y hasta 1862 -- La expedición científica -- Iniciación del conflicto -- Cuatro meses de incertidumbre -- La obra del gabinete costas -- Haciala solución pacífica del conflicto -- El tratado "Vivanco-Pareja" -- El movimiento revolucionario -- El empréstito y las negociaciones en España -- El conflicto entre Chile y España -- El triunfo del movimiento revolucionario -- La dictadura y la guerra con España -- La guerra en Chile. El 2 de Mayo -- Fin del conflicto.
526 _aP136
526 _aP135
526 _aP134
526 _aP133
526 _aP144
526 _aP143
526 _aP87
526 _aP35
526 _aP20
526 _aP14
526 _aP10
526 _aP06
648 1 4 _aDos de Mayo, Combate del, 1866
_93199
651 2 4 _aPerú
_xHistoria
_yGuerra con España, 1863-1866.
_93200
910 _ajck
942 _2ddc
_cBK
_n0
949 _a985.054 P77
_wDEWEY
_c1
_i17568
_lCCODEBUL1
_mBUL
_p00.00
_r0
_sY
_tBOOK
_u19800507
_xEDUCACION
_0COMPRA
_o.STAFF. Colección General
980 _81
_gALBERTO SANCHEZ Responsable de Automatización
999 _c56471
_d56471